Statistiken für Pokemon Arenaleiter und Top 4 - 5. Gen.

Klicken Sie hier um das Quiz zu spielen!

Allgemein

  • Dieses Quiz wurde 70 mal gespielt
    (53 seit der letzten Aktualisierung)
  • Das Durchschnittsergebnis liegt bei 28 aus 42

Antwortstatistiken

HintAnswers% Korrekt
TypBoden
100%
TypElektro
100%
TypFeuer/Pflanze/Wasser
100%
TypGeist
100%
TypKäfer
100%
TypNormal
100%
TypDrache
97%
TypEis
97%
TypFlug
97%
TypPsycho
97%
TypGift
94%
TypKampf
94%
TypUnlicht
94%
TypWasser
94%
NameLysander/Lilia
82%
NameTurner
82%
NameCheren
79%
NameLauro
79%
NameMaik/Benny/Colin
79%
NameKamilla
76%
NameLilia
76%
NameArtie
73%
NameAloe
70%
NameGéraldine
70%
NameSandro
67%
NameBenson
58%
NameAstor
52%
NameMica
48%
Orden
Grundorden
45%
OrdenTriorden
45%
NameAnissa
42%
NameEugen
42%
OrdenJetorden
39%
OrdenKäferorden
39%
OrdenGiftorden
33%
NameKattlea
33%
OrdenWellenorden
33%
OrdenEiszapforden
30%
OrdenLegendenorden
30%
OrdenSeismoorden
30%
OrdenVoltorden
30%
Typkein best.
12%

Verteilung der Resultate

Perzentil nach korrekt beantworteten Fragen

Anzahl Personen mit jedem Resultat

Ihre Resultats-Entwicklung

Sie haben dieses Quiz seit der letzten Aktualisierung nicht gespielt